Plan Operativo Anual POA 2013 (Record no. 8992)
[ view plain ]
| 000 -LEADER | |
|---|---|
| campo de control de longitud fija | 00372nam a2200133Ia 4500 |
| 001 - NÚMERO DE CONTROL | |
| campo de control | 3023 |
| 008 - DATOS DE LONGITUD FIJA--INFORMACIÓN GENERAL | |
| campo de control de longitud fija | 241024s9999 xx 000 0 und d |
| 082 ## - NÚMERO DE LA CLASIFICACIÓN DECIMAL DEWEY | |
| Número de clasificación | RD/370.97293/R426p/poa/2013 |
| 100 ## - ENTRADA PRINCIPAL--NOMBRE DE PERSONA | |
| Nombre de persona | República Dominicana.Ministerio de Educación |
| 245 #0 - MENCIÓN DEL TÍTULO | |
| Título | Plan Operativo Anual POA 2013 |
| 260 ## - PUBLICACIÓN, DISTRIBUCIÓN, ETC. | |
| Nombre del editor, distribuidor, etc. | Santo Domingo |
| Fecha de publicación, distribución, etc. | 2013 |
| 901 ## - ELEMENTOS DE DATOS A LOCAL LDA (RLIN) | |
| a | 22/7/2013 2:09:35 p.m. |
No items available.